| 000 | 00310 a2200121 4500 | ||
|---|---|---|---|
| 001 | 40001 | ||
| 082 | _a515.353 DUF | ||
| 090 |
_c24989 _d24989 |
||
| 100 | _aDuffy Dean G | ||
| 245 |
_aSolutions of Partial Differential Equations _hEnglish |
||
| 260 |
_aNew Dehli _bC B S Publishers _c1986 |
||
| 300 | _a542p | ||
| 942 |
_aNUST-CAE _k515.353 DUF |
||
| 999 |
_c275074 _d275074 |
||